000 01220cam a2200337Mi 4500
001 93497
005 20230410132923.0
008 970724c19779999sp 000 0 spa d
035 _a(OCoLC)ocm37391927
040 _aPL#
_bspa
_cPL#
_dEL$
_dOCL
_dOCLCQ
020 _a8424908937
020 _a9788424908935
029 0 _aPL#
_b8424908937
035 _a(OCoLC)37391927
043 _ae-it---
050 1 4 _aB 171
_bB582 1977
130 1 _aBiblioteca Clásica Gredos.
245 1 0 _aTratados hipocráticos I :
_bJuramento, Ley, Sobre la ciencia médica, Sobre la medicina antigua, Sobre el médico, Sobre la decencia, Aforismos, Preceptos, El pronóstico [...] /
_cintroducción general: Carlos García Gual ; introducciones, traducciones y notas por Ma. D. Lara Nava ... [et al.].
250 _a1a. reimpr.
260 _aMadrid :
_bGredos,
_c1977.
300 _a426 p. ;
_c20 cm.
440 0 _aBiblioteca Clásica Gredos ;
_vn.63
650 0 _aPhilosophy, Classical.
650 0 _aPhilosophy, Ancient.
700 1 _aGarcía Gual, Carlos,
_eintr.
700 1 _aLara Nava, Ma. Dolores,
_etr.
938 _aPuvill Libros
_bPUVL
_n8424908937
_c$24.17
942 _2lcc
_cbk
946 _amjcruz
994 _aC0
_bDRFGD
999 _c90203
_d90203